<?xml version="1.0" encoding="UTF-8"?>
<marc:record xmlns:marc="http://www.loc.gov/MARC21/slim">
   <marc:leader>00000nam a2200000 a 4500</marc:leader>
   <marc:datafield ind1="1" ind2=" " tag="100">
      <marc:subfield code="a">Feldenkirchen, Wilfried</marc:subfield>
      <marc:subfield code="4">aut</marc:subfield>
      <marc:subfield code="e">Verfasser/-in</marc:subfield>
   </marc:datafield>
   <marc:datafield ind1=" " ind2=" " tag="653">
      <marc:subfield code="a">Wirtschaft</marc:subfield>
   </marc:datafield>
   <marc:datafield ind1=" " ind2=" " tag="653">
      <marc:subfield code="a">Werner von Siemens</marc:subfield>
   </marc:datafield>
   <marc:datafield ind1=" " ind2=" " tag="653">
      <marc:subfield code="a">Industrie</marc:subfield>
   </marc:datafield>
   <marc:datafield ind1=" " ind2=" " tag="653">
      <marc:subfield code="a">Industrialisierung</marc:subfield>
   </marc:datafield>
   <marc:datafield ind1="0" ind2="0" tag="245">
      <marc:subfield code="a">Siemens - Von der Werkstatt zum Weltunternehmen</marc:subfield>
   </marc:datafield>
   <marc:datafield ind1=" " ind2="1" tag="264">
      <marc:subfield code="b">Piper</marc:subfield>
      <marc:subfield code="c">1997</marc:subfield>
   </marc:datafield>
   <marc:datafield ind1="1" ind2=" " tag="520">
      <marc:subfield code="a">Die Geschichte einer Weltfirma und seines Gründers vom 19. ins 21. Jahrhundert. Seit Beginn der Industrialisierung ist Siemens Teil der wirtschaftlichen und technischen Entwicklung - aber auch Teil der allgemeinen Geschichte in Deutschland und der Welt. Schon lange bevor Globalisierung zum Schlagwort wurde, war Siemens eine Weltfirma. Wilfried Feldenkirchen zeichnet den rasanten Aufstieg ebenso nach wie die Rückschläge, die Siemens auf dem Weg von der Werkstatt zur Weltfirma zu meistern hatte. [Verlagstext]</marc:subfield>
   </marc:datafield>
</marc:record>
